[Event "World Blitz Women 2025"]
[Site "Doha QAT"]
[Date "2025.12.29"]
[Round "9.69"]
[White "Echcharbiny, Wissal"]
[Black "Abrar Mohammed Ahmad Almalki"]
[Result "1-0"]
[WhiteElo "1726"]
[BlackElo "1826"]
[WhiteFideId "9014853"]
[BlackFideId "21543143"]
[EventDate "2025.12.29"]

1. d4 Nf6 2. e3 e6 3. Bd3 b6 4. f4 Bb4+ 5. c3 Be7 6. Nd2 Bb7 7. Ngf3 c6 8. O-O
d5 9. Ne5 Nfd7 10. Qh5 g6 11. Qf3 Nxe5 12. fxe5 O-O 13. Qh3 Ba6 14. Bxa6 Nxa6
15. e4 Nc7 16. Rf3 f6 17. exd5 Nxd5 18. Qxe6+ Kh8 19. Qxc6 fxe5 20. Rxf8+ Qxf8
21. Qxd5 Bf6 22. dxe5 Rd8 23. Qe4 Re8 24. Nf3 Qc5+ 25. Be3 Qa5 26. Bd4 1-0

[Event "World Blitz Women 2025"]
[Site "Doha QAT"]
[Date "2025.12.29"]
[Round "9.70"]
[White "Alotaibi, Maitha Abdulrahman A"]
[Black "Al-Khulaifi, Ghada"]
[Result "1-0"]
[BlackTitle "WCM"]
[WhiteElo "1600"]
[BlackElo "1630"]
[WhiteFideId "21524009"]
[BlackFideId "12100633"]
[EventDate "2025.12.29"]

1. c4 e5 2. g3 Nc6 3. Bg2 f5 4. Nc3 Nf6 5. d3 Bb4 6. a3 Bc5 7. Bg5 O-O 8. Nf3 h6
9. Bxf6 Qxf6 10. O-O e4 11. Nd5 Qd8 12. Nd2 e3 13. fxe3 Re8 14. Kh1 d6 15. Nb3
Bxe3 16. Nxe3 Rxe3 17. Bd5+ Kh8 18. Qd2 Re8 19. e4 Ne7 20. Nd4 c6 21. Be6 fxe4
22. Bxc8 Rxc8 23. dxe4 Ng6 24. Nf5 Rxe4 25. Qd3 Re6 26. Rae1 Ne5 27. Qe4 d5 28.
Qf4 Rf6 29. Qxe5 Qf8 30. Rf4 Qf7 31. Ref1 Re8 32. Qc3 g6 33. Nxh6 Qe7 34. Qxf6+
Qxf6 35. Rxf6 Kg7 36. Ng4 dxc4 37. Rf7+ Kh8 38. Rxb7 Re4 39. Nf6 Re2 40. Ng4 Re4
41. Rf8# 1-0

[Event "World Blitz Women 2025"]
[Site "Doha QAT"]
[Date "2025.12.29"]
[Round "10.1"]
[White "Goryachkina, Aleksandra"]
[Black "Stefanova, Antoaneta"]
[Result "1/2-1/2"]
[WhiteTitle "GM"]
[BlackTitle "GM"]
[WhiteElo "2534"]
[BlackElo "2391"]
[WhiteFideId "4147103"]
[BlackFideId "2902257"]
[EventDate "2025.12.29"]

1. e4 e5 2. Nf3 Nc6 3. Bb5 a6 4. Ba4 d6 5. O-O Bd7 6. c4 Nf6 7. Nc3 Bg4 8. h3
Bxf3 9. Qxf3 Nd7 10. Bxc6 bxc6 11. d3 Be7 12. Qe2 O-O 13. f4 exf4 14. Bxf4 Bf6
15. Kh1 Nc5 16. Rac1 Ne6 17. Be3 c5 18. Nd5 Be5 19. b3 Qh4 20. Qf3 c6 21. Nf4
Nxf4 22. Bxf4 Rae8 23. Bxe5 Rxe5 24. Kh2 Qe7 25. Qg3 g6 26. Rf3 Kg7 27. Rcf1 Re6
28. Kh1 Qd7 29. Qe1 d5 30. Qc3+ Kg8 31. cxd5 cxd5 32. Qxc5 dxe4 33. dxe4 Rxe4
34. Qb6 Re6 35. Qf2 Rd6 36. Qe2 Re6 37. Qf2 Rd6 38. Qe2 Re6 39. Qf2 1/2-1/2

[Event "World Blitz Women 2025"]
[Site "Doha QAT"]
[Date "2025.12.29"]
[Round "10.2"]
[White "Francisco Guecamburu, Candela Be"]
[Black "Roebers, Eline"]
[Result "0-1"]
[WhiteTitle "WGM"]
[BlackTitle "IM"]
[WhiteElo "2238"]
[BlackElo "2396"]
[WhiteFideId "160911"]
[BlackFideId "1058401"]
[EventDate "2025.12.29"]

1. e4 c5 2. Nf3 Nc6 3. Bc4 e6 4. O-O a6 5. Re1 b5 6. Bf1 Bb7 7. a4 b4 8. c3 Nf6
9. e5 Nd5 10. c4 Nc7 11. b3 d5 12. exd6 Bxd6 13. Bb2 O-O 14. d4 cxd4 15. Nxd4
Nxd4 16. Qxd4 e5 17. Qb6 Rb8 18. c5 Be7 19. Bxe5 Nd5 20. Qxd8 Rbxd8 21. c6 Bxc6
22. Bxa6 Rfe8 23. Nd2 Bc5 24. Nf3 Nc3 25. Rac1 Ne4 26. Bc7 Bxf2+ 27. Kf1 Bxe1
28. Bxd8 Bc3 29. Bb6 Bd5 30. Bc4 Bxc4+ 31. bxc4 b3 32. Rd1 b2 33. Be3 Rb8 34.
Rb1 Bf6 35. Bd2 g5 36. h3 h5 37. Be1 g4 38. hxg4 hxg4 39. Nh2 Bc3 40. Nxg4 Bxe1
41. Kxe1 Nc3 42. Nf6+ Kg7 43. Nh5+ Kf8 0-1

[Event "World Blitz Women 2025"]
[Site "Doha QAT"]
[Date "2025.12.29"]
[Round "10.3"]
[White "Omonova, Umida"]
[Black "Nurgaliyeva, Zarina"]
[Result "1-0"]
[WhiteTitle "WIM"]
[BlackTitle "WIM"]
[WhiteElo "2294"]
[BlackElo "2305"]
[WhiteFideId "14210363"]
[BlackFideId "13730096"]
[EventDate "2025.12.29"]

1. e4 e5 2. Nf3 Nc6 3. Bc4 Nf6 4. d3 Bc5 5. O-O d6 6. Nbd2 O-O 7. c3 a5 8. h3 h6
9. Re1 Be6 10. Bb5 Nd7 11. Nf1 f5 12. exf5 Bxf5 13. Ng3 Bg6 14. d4 exd4 15. cxd4
Bb6 16. Be3 Nb4 17. Ba4 Nf6 18. a3 Nbd5 19. Rc1 c6 20. Bc2 Bxc2 21. Rxc2 Nxe3
22. Rxe3 Nd5 23. Re1 Qd7 24. Qd3 Rae8 25. Rce2 Kh8 26. Rxe8 Rxe8 27. Rxe8+ Qxe8
28. Qf5 Nf6 29. Qf4 Qe6 30. Nf5 Nd5 31. Qg4 Qf6 32. N3h4 Kh7 33. Qe4 Kg8 34. Nf3
Nc7 35. h4 d5 36. Qg4 c5 37. Ne5 Ne8 38. Nd7 Qc6 39. Ne7+ 1-0

[Event "World Blitz Women 2025"]
[Site "Doha QAT"]
[Date "2025.12.29"]
[Round "10.4"]
[White "Salimova, Nurgyul"]
[Black "Assaubayeva, Bibisara"]
[Result "0-1"]
[WhiteTitle "IM"]
[BlackTitle "GM"]
[WhiteElo "2396"]
[BlackElo "2497"]
[WhiteFideId "2915138"]
[BlackFideId "13708694"]
[EventDate "2025.12.29"]

1. Nf3 Nf6 2. g3 g6 3. Bg2 Bg7 4. O-O c5 5. c4 Nc6 6. Nc3 d6 7. d4 cxd4 8. Nxd4
Bd7 9. b3 h5 10. h4 O-O 11. Bb2 Nxd4 12. Qxd4 Ng4 13. Qd2 Bc6 14. Nd5 Bxb2 15.
Qxb2 Bxd5 16. Bxd5 Qd7 17. Rad1 Rac8 18. Bf3 Nf6 19. Qd4 b6 20. Rfe1 Qf5 21. Kg2
e5 22. Qc3 e4 23. Rxd6 exf3+ 24. exf3 Ne8 25. Rd4 Qf6 26. Qe3 Ng7 27. Qd2 Rfd8
28. Rxd8+ Rxd8 29. Qb4 Ne6 30. Re4 Rd3 31. f4 Qf5 32. Qe1 Qg4 33. Kf1 Rd1 0-1

[Event "World Blitz Women 2025"]
[Site "Doha QAT"]
[Date "2025.12.29"]
[Round "10.5"]
[White "Khafizova, Diana"]
[Black "Muzychuk, Anna"]
[Result "1/2-1/2"]
[WhiteTitle "WFM"]
[BlackTitle "GM"]
[WhiteElo "2234"]
[BlackElo "2518"]
[WhiteFideId "34378049"]
[BlackFideId "14111330"]
[EventDate "2025.12.29"]

1. d4 d5 2. c4 e6 3. Nf3 Nf6 4. g3 c5 5. cxd5 cxd4 6. Qa4+ Bd7 7. Qxd4 Nxd5 8.
Bg2 Nc6 9. Qd1 Be7 10. O-O O-O 11. e4 Nf6 12. Nc3 e5 13. Bg5 Be6 14. Bxf6 Bxf6
15. Nd5 Bxd5 16. exd5 Nd4 17. Nxd4 exd4 18. Qb3 Qd7 19. Rac1 Rac8 20. h4 g6 21.
Kh2 Rxc1 22. Rxc1 Re8 23. Qc2 Kg7 24. Bf3 h5 25. Kg2 Re7 26. b3 Qd6 27. Qc8 Be5
28. Qa8 Qb8 29. Qxb8 Bxb8 30. Rc8 Be5 31. Rd8 d3 32. d6 Re6 33. d7 Rd6 34. Rb8
Rxd7 35. Rxb7 Rxb7 36. Bxb7 d2 37. Bf3 Kf6 38. Kf1 Bc3 39. Ke2 Bb4 40. Kd3 Ke5
41. Bd1 f5 42. a3 Bxa3 43. Kxd2 f4 44. Bc2 fxg3 45. fxg3 Kf6 46. Ke3 Bd6 47. Kf3
g5 48. hxg5+ Kxg5 49. Bd3 Bc7 50. Bc4 Bd6 51. Bd5 Bc7 52. Bc4 Bd6 53. Bd5 Bc7
54. Bc4 1/2-1/2

[Event "World Blitz Women 2025"]
[Site "Doha QAT"]
[Date "2025.12.29"]
[Round "10.6"]
[White "Nurman, Alua"]
[Black "Muzychuk, Mariya"]
[Result "1/2-1/2"]
[WhiteTitle "WGM"]
[BlackTitle "GM"]
[WhiteElo "2367"]
[BlackElo "2475"]
[WhiteFideId "13729390"]
[BlackFideId "14114550"]
[EventDate "2025.12.29"]

1. e4 c5 2. Nf3 Nc6 3. d4 cxd4 4. Nxd4 Nf6 5. Nc3 e5 6. Ndb5 d6 7. Nd5 Nxd5 8.
exd5 Nb8 9. h4 Be7 10. g4 a6 11. Nc3 O-O 12. Bd3 f5 13. gxf5 Bxf5 14. Be3 Nd7
15. Bxf5 Rxf5 16. Qg4 Rf7 17. h5 Nf6 18. Qg2 b5 19. O-O-O Rc8 20. Ne4 Qc7 21.
Nxf6+ Bxf6 22. Qe4 Qc4 23. Qxc4 Rxc4 24. h6 g6 25. Rd3 Rfc7 26. Rd2 Rg4 27. a3
Kf7 28. Rf1 g5 29. Rh1 Kg6 30. c3 e4 31. Rdd1 Rf7 32. Rh3 Be5 33. Kc2 Bf4 34.
Bd4 Rf5 35. Bb6 Rh4 36. Rdh1 Rxh3 37. Rxh3 Rxd5 38. Bd4 Rf5 39. Rh1 g4 40. Rg1
Kh5 41. Rh1+ Kg6 42. Kd1 1/2-1/2

[Event "World Blitz Women 2025"]
[Site "Doha QAT"]
[Date "2025.12.29"]
[Round "10.7"]
[White "Song, Yuxin"]
[Black "Mungunzul, Bat-Erdene"]
[Result "1-0"]
[WhiteTitle "IM"]
[BlackTitle "WIM"]
[WhiteElo "2454"]
[BlackElo "2350"]
[WhiteFideId "8614300"]
[BlackFideId "4902831"]
[EventDate "2025.12.29"]

1. e4 e5 2. Nf3 Nc6 3. Bb5 Nge7 4. Nc3 Ng6 5. d4 exd4 6. Nxd4 Nxd4 7. Qxd4 c6 8.
Be2 Qb6 9. Be3 Qxb2 10. O-O Qa3 11. f4 b6 12. Rf3 Bc5 13. Qxg7 Bxe3+ 14. Rxe3
Qc5 15. Kf2 Bb7 16. Qf6 Qe7 17. e5 O-O-O 18. Ne4 Kb8 19. Nd6 Rhf8 20. g3 Kc7 21.
Rd1 Qxf6 22. exf6 c5 23. Bc4 Bc6 24. Re7 b5 25. Nxb5+ Bxb5 26. Bxb5 Kb6 27. a4
d5 28. f5 Nxe7 29. fxe7 Rfe8 30. exd8=Q+ Rxd8 31. Re1 a6 32. Bf1 Rd7 33. g4 h6
34. h4 Ka5 35. g5 hxg5 36. hxg5 Kxa4 37. f6 d4 38. Re7 Rd5 39. Rxf7 Rxg5 40.
Bxa6 Kb4 41. Bd3 c4 42. Rb7+ Kc3 43. Rc7 1-0

[Event "World Blitz Women 2025"]
[Site "Doha QAT"]
[Date "2025.12.29"]
[Round "10.8"]
[White "Lei, Tingjie"]
[Black "Gunina, Valentina"]
[Result "0-1"]
[WhiteTitle "GM"]
[BlackTitle "GM"]
[WhiteElo "2569"]
[BlackElo "2393"]
[WhiteFideId "8605114"]
[BlackFideId "4167570"]
[EventDate "2025.12.29"]

1. e4 c5 2. Nf3 Nc6 3. Bb5 e5 4. O-O Be7 5. d3 d6 6. a4 Nf6 7. Bc4 O-O 8. Bg5 a6
9. h3 Kh8 10. Nc3 Be6 11. Bxf6 Bxf6 12. Nd5 g6 13. Qd2 Bg7 14. Ng5 Rb8 15. a5
Bxd5 16. Bxd5 Qe7 17. c3 h6 18. Nf3 f5 19. exf5 gxf5 20. Qe2 Qf6 21. Nd2 Ne7 22.
c4 Nc6 23. Nf3 Rbe8 24. Rfe1 Re7 25. Rab1 Nb4 26. Qd1 Kh7 27. Nh2 Qg6 28. Bf3 e4
29. Bh5 Qg5 30. dxe4 fxe4 31. Nf1 Bd4 32. Ne3 Nd3 33. Ng4 Rf5 34. Rxe4 Rxe4 35.
Qxd3 Ref4 36. Ne3 Qxh5 37. g4 Qh4 38. Nxf5 Qxf2+ 39. Kh1 Rf3 40. Ne3+ Kh8 0-1

[Event "World Blitz Women 2025"]
[Site "Doha QAT"]
[Date "2025.12.29"]
[Round "10.9"]
[White "Yip, Carissa"]
[Black "Zhu, Jiner"]
[Result "1-0"]
[WhiteTitle "IM"]
[BlackTitle "GM"]
[WhiteElo "2459"]
[BlackElo "2579"]
[WhiteFideId "2090732"]
[BlackFideId "8608059"]
[EventDate "2025.12.29"]

1. e4 e5 2. d4 exd4 3. Qxd4 Nc6 4. Qc4 Bb4+ 5. Nc3 d6 6. Bd2 Nf6 7. O-O-O O-O 8.
a3 a5 9. f3 Be6 10. Qe2 Re8 11. Nh3 Ne5 12. Nf4 Bc4 13. Qe1 Bc5 14. Kb1 c6 15.
Nd3 Nxd3 16. Bxd3 Bxd3 17. cxd3 b5 18. Ne2 Bb6 19. Bg5 Qe7 20. Qh4 Bd8 21. Nd4
Qd7 22. Qh3 Qxh3 23. gxh3 Ra6 24. Rc1 c5 25. Nxb5 Rb6 26. Nc3 h6 27. Bh4 Be7 28.
Bg3 Reb8 29. Rc2 Rb3 30. Ka2 Nd7 31. Nd5 Bf8 32. Rd1 g6 33. d4 Rxf3 34. dxc5
Nxc5 35. Rxc5 Rxg3 36. hxg3 dxc5 37. Nf6+ Kg7 38. Nd7 Rd8 39. Rd5 Be7 40. Kb3 f5
41. exf5 gxf5 42. Kc4 Bg5 43. Nxc5 Re8 44. Rxf5 Re2 45. h4 Bc1 46. b4 axb4 47.
axb4 Rc2+ 48. Kd5 Ba3 49. Nd3 Rg2 50. Rf3 h5 51. Kc4 Bb2 52. Nxb2 Rxb2 53. Rb3
Rc2+ 54. Kd4 Kf6 55. b5 Ke6 56. b6 Rc8 57. b7 Rb8 58. Ke4 1-0

[Event "World Blitz Women 2025"]
[Site "Doha QAT"]
[Date "2025.12.29"]
[Round "10.10"]
[White "Garifullina, Leya"]
[Black "Toncheva, Nadya"]
[Result "1-0"]
[WhiteTitle "IM"]
[BlackTitle "FM"]
[WhiteElo "2454"]
[BlackElo "2362"]
[WhiteFideId "34127035"]
[BlackFideId "2924056"]
[EventDate "2025.12.29"]

1. e4 c5 2. Nf3 Nc6 3. Bb5 e6 4. O-O Nge7 5. d4 cxd4 6. Nxd4 a6 7. Be2 Ng6 8.
Be3 Be7 9. c4 O-O 10. Nc3 Qc7 11. Re1 d6 12. Rc1 Nxd4 13. Qxd4 Bd7 14. Red1 Rac8
15. Bf1 Qb8 16. b3 b5 17. Qb6 Qxb6 18. Bxb6 Bg5 19. Rc2 Bc6 20. f3 bxc4 21. Bxc4
Bb7 22. Rxd6 Ne5 23. Ne2 Nxc4 24. bxc4 Rc6 25. Rxc6 Bxc6 26. Kf2 Rc8 27. Be3
Bh4+ 28. g3 Be7 29. c5 Kf8 30. Nd4 Ba4 31. Rc4 Be8 32. Nb3 Bb5 33. Rc1 Ke8 34.
h4 h5 35. Na5 Bd8 36. Nc4 Be7 37. Nd2 Kd7 38. e5 Kc6 39. Ne4 Rb8 40. Nd6 f6 41.
exf6 gxf6 42. Nxb5 Rxb5 43. g4 Rb2+ 44. Kg3 hxg4 45. fxg4 Re2 46. Kf3 Rxa2 47.
h5 Rh2 48. h6 Bf8 49. Ra1 Bxh6 50. Rxa6+ Kd5 51. Kg3 Bxe3 52. Kxh2 Bxc5 53. Kg3
Bd4 54. Kf3 Ke5 55. Ra5+ Kd6 56. Ke4 Bc3 57. Ra6+ Ke7 58. Ra7+ Kd6 59. Rf7 Bb2
60. Rf8 Bc3 61. Rc8 Bb2 62. Kf3 Be5 63. Ra8 Bc3 64. Ke4 Bb2 65. Ra6+ Ke7 66. Kf3
Bd4 67. Kg3 Kf7 68. Kh4 Bf2+ 69. Kh5 Bd4 70. Rc6 Be5 71. Rb6 Ke7 72. Kg6 Bd4 73.
Rb7+ Kd6 74. Kf7 Kd5 75. Rb8 Be5 76. Rd8+ Ke4 77. Kxe6 Kf4 78. Rg8 Ke4 79. Kf7
Kf4 80. Ke6 Ke4 81. Rg7 Kf4 82. Rg6 Bc3 83. Rg8 Be5 84. Kd5 Bc3 85. Kc4 Be5 86.
Kd3 Bb2 87. Ke2 Be5 88. Kf2 Bd4+ 89. Kg2 Bc3 90. Kh3 Bd4 91. Ra8 Kg5 92. Ra5+
Be5 93. Rd5 Kf4 94. Rd1 Bc3 95. Kh4 Be5 96. Rf1+ Ke4 97. Kh5 Kd5 98. Kg6 Ke6 99.
Rb1 Kd5 100. Rb6 Ke4 101. Rxf6 Bxf6 102. Kxf6 Kd5 1-0

[Event "World Blitz Women 2025"]
[Site "Doha QAT"]
[Date "2025.12.29"]
[Round "10.11"]
[White "Wang, Chuqiao"]
[Black "Divya, Deshmukh"]
[Result "1-0"]
[WhiteTitle "WIM"]
[BlackTitle "GM"]
[WhiteElo "2235"]
[BlackElo "2497"]
[WhiteFideId "8631638"]
[BlackFideId "35006916"]
[EventDate "2025.12.29"]

1. d4 d5 2. c4 dxc4 3. Nf3 Nf6 4. e3 Bg4 5. Bxc4 e6 6. h3 Bh5 7. Nc3 Nc6 8. Bb5
Bd6 9. e4 Bxf3 10. Qxf3 e5 11. d5 a6 12. Ba4 b5 13. Nxb5 axb5 14. Bxb5 O-O 15.
Bxc6 Bb4+ 16. Kf1 Ra6 17. g3 Nd7 18. Kg2 Nb8 19. Bb5 Rg6 20. a3 Bd6 21. Be3 Qc8
22. Bd3 Nd7 23. b4 Nf6 24. Rab1 h5 25. a4 h4 26. g4 Nh5 27. Qf5 Nf4+ 28. Bxf4
exf4 29. Qxc8 Rxc8 30. Rhc1 Be5 31. b5 Bd4 32. a5 f3+ 33. Kf1 Ra8 34. Rc4 Be5
35. b6 cxb6 36. axb6 Rb8 37. b7 Kh7 38. Rc8 Bh2 39. e5 1-0

[Event "World Blitz Women 2025"]
[Site "Doha QAT"]
[Date "2025.12.29"]
[Round "10.12"]
[White "Danielian, Elina"]
[Black "Vo, Thi Kim Phung"]
[Result "1-0"]
[WhiteTitle "GM"]
[BlackTitle "WGM"]
[WhiteElo "2408"]
[BlackElo "2322"]
[WhiteFideId "13300210"]
[BlackFideId "12401838"]
[EventDate "2025.12.29"]

1. d4 Nf6 2. Bg5 e6 3. Nd2 d5 4. e4 dxe4 5. Nxe4 Nbd7 6. Nxf6+ Nxf6 7. Nf3 h6 8.
Bh4 c5 9. Ne5 a6 10. dxc5 Qa5+ 11. c3 Qxc5 12. Bxf6 gxf6 13. Nd3 Qb6 14. Be2 Bd7
15. Bf3 Rd8 16. Qc2 Bb5 17. Rd1 Bd6 18. O-O Qc7 19. g3 h5 20. Rfe1 Kf8 21. a4
Bc6 22. Bxc6 Qxc6 23. Nf4 Re8 24. Re4 f5 25. Red4 Be5 26. Rb4 Kg7 27. Qe2 Bxf4
28. Rxf4 Qc5 29. Rfd4 Re7 30. Qe3 Qa5 31. Qg5+ Kf8 32. Rd8+ Re8 33. b4 Qc7 34.
R1d7 Qb6 35. Qe7+ Kg7 36. Qxf7+ Kh6 37. Qg7# 1-0

[Event "World Blitz Women 2025"]
[Site "Doha QAT"]
[Date "2025.12.29"]
[Round "10.13"]
[White "Arabidze, Meri"]
[Black "Shukhman, Anna"]
[Result "1/2-1/2"]
[WhiteTitle "IM"]
[BlackTitle "WGM"]
[WhiteElo "2413"]
[BlackElo "2431"]
[WhiteFideId "13604040"]
[BlackFideId "54180058"]
[EventDate "2025.12.29"]

1. c4 Nf6 2. Nf3 g6 3. b3 Bg7 4. Bb2 O-O 5. g3 c5 6. Bg2 Nc6 7. O-O d5 8. cxd5
Nxd5 9. Bxg7 Kxg7 10. Qc1 b6 11. Qb2+ Kg8 12. d4 Bb7 13. dxc5 Qc7 14. cxb6 Qxb6
15. Na3 Rfd8 16. Nc4 Qb4 17. Rac1 Rac8 18. h4 Nf6 19. Ne3 a5 20. Rc4 Qb6 21.
Rfc1 Ba6 22. R4c2 Nb4 23. Rxc8 Rxc8 24. Rxc8+ Bxc8 25. a3 Nbd5 26. Nxd5 Nxd5 27.
Ng5 Nf6 28. b4 h6 29. Nf3 Ba6 30. e3 axb4 31. axb4 Nd5 32. Qe5 Qd6 33. Qxd6 exd6
34. b5 Bxb5 35. Nd4 Bc4 36. Bxd5 Bxd5 37. Nb5 Bf3 38. Nxd6 Kg7 39. Nc4 Kf6 40.
Nd2 Bc6 41. Kf1 g5 42. hxg5+ hxg5 43. Ke2 Ke6 44. Kd3 f6 45. Kd4 Kf5 46. Kd3
Bb5+ 47. Kd4 Bc6 48. f3 Ke6 49. e4 Bb5 50. Nb3 Be2 51. Ke3 Bd1 52. Nd4+ Ke7 53.
Kd2 Ba4 54. Ke3 Bd1 55. Nf5+ Ke6 56. Nh6 Ba4 57. Ng4 Bd1 58. Nf2 Ba4 59. f4
gxf4+ 60. gxf4 Bc2 61. Kd4 Bb1 62. Nd1 Bc2 63. Ne3 Ba4 64. Nc4 Bc2 65. Nb6 Bb3
66. Nc4 Bc2 67. f5+ Ke7 68. Ne3 Bb1 69. Nd5+ Kf7 70. Nc3 Bc2 71. Kd5 Bb3+ 72.
Kd6 Bc2 73. Kd5 Bb3+ 74. Kd4 Bc2 75. Ne2 Bb1 76. Nf4 Bc2 77. Ne6 Bb1 78. Nc5 Bc2
79. Kc3 Bd1 80. Kd2 Bg4 81. Nd3 Bf3 82. Ke3 Bd1 83. Nb4 Bb3 84. Kd4 Bd1 85. Kd5
Bf3 86. Nc6 Bg2 87. Nd8+ Ke7 88. Ne6 Bf3 89. Nd4 Bg2 90. Nb3 Bf3 91. Nc5 Bg2 92.
Kd4 Bf3 93. Ke3 Bd1 94. Kf4 Bc2 95. Ne6 Bb1 96. Nd4 Bd3 97. Nc6+ Kf7 98. e5 Bxf5
99. Kxf5 fxe5 100. Kxe5 1/2-1/2

[Event "World Blitz Women 2025"]
[Site "Doha QAT"]
[Date "2025.12.29"]
[Round "10.14"]
[White "Lagno, Kateryna"]
[Black "Padmini, Rout"]
[Result "1-0"]
[WhiteTitle "GM"]
[BlackTitle "IM"]
[WhiteElo "2508"]
[BlackElo "2354"]
[WhiteFideId "14109336"]
[BlackFideId "5029295"]
[EventDate "2025.12.29"]

1. e4 e5 2. Nf3 Nc6 3. Bb5 Nf6 4. d3 Bc5 5. Nbd2 O-O 6. Nb3 Bb6 7. Bxc6 bxc6 8.
Nxe5 d5 9. O-O dxe4 10. Re1 exd3 11. c4 Be6 12. Bg5 h6 13. Bh4 a5 14. a4 Qd6 15.
Bg3 Qb4 16. Qxd3 Rab8 17. Nxc6 Qxb3 18. Qxb3 Bxf2+ 19. Bxf2 Rb7 20. Qb4 Rxb4 21.
Nxa5 Rxb2 22. Nc6 Ra8 23. Bd4 Rc2 24. c5 Nd7 25. a5 Nxc5 26. Ra3 Kh7 27. Bf2 Nb3
28. Nb4 Rb2 29. a6 c5 30. Nd3 Rc2 31. a7 c4 32. Nf4 Rb2 33. Nxe6 fxe6 34. Rxe6
c3 35. Rc6 c2 36. Be3 Rb1+ 37. Kf2 c1=Q 38. Bxc1 Rxc1 39. Rb6 Nd4 40. Rb8 Rxa7
41. Rxa7 Rc2+ 42. Kg3 Rc3+ 43. Kg4 Rc2 44. Kh3 Ne6 45. Rbb7 Nf4+ 46. Kg4 Ne6 47.
Kf3 Ng5+ 48. Kf4 Rc4+ 49. Ke3 Ne6 50. Re7 Rc6 51. h4 h5 52. Ra5 Kg6 53. Kf2 Kf6
54. Rea7 Rc2+ 55. Kg1 g6 56. R7a6 Re2 57. Rb5 Re4 58. Rbb6 Kf5 59. Ra5+ Kf6 60.
Raa6 Kf5 61. g3 Kf6 62. Kg2 Kf5 63. Rb5+ Kf6 64. Rb2 Re5 65. Rf2+ Ke7 66. Ra7+
Kd6 67. Rf6 g5 68. hxg5 Kd5 69. Ra5+ Ke4 70. Rxe5+ Kxe5 71. Rh6 Nxg5 72. Rxh5
Kf5 73. Rh8 Kg4 74. Ra8 Kf5 75. Ra4 Ne6 76. Kh3 Ng5+ 77. Kh4 Ne6 78. Ra5+ Kg6
79. Ra6 Kf5 80. g4+ Ke5 81. Kh5 Nd4 82. g5 Kd5 1-0

[Event "World Blitz Women 2025"]
[Site "Doha QAT"]
[Date "2025.12.29"]
[Round "10.15"]
[White "Shuvalova, Polina"]
[Black "Kiolbasa, Oliwia"]
[Result "1-0"]
[WhiteTitle "IM"]
[BlackTitle "IM"]
[WhiteElo "2502"]
[BlackElo "2397"]
[WhiteFideId "24171760"]
[BlackFideId "1154613"]
[EventDate "2025.12.29"]

1. e4 e5 2. Nf3 Nc6 3. Bc4 Bc5 4. d3 d6 5. O-O Nge7 6. c3 Ng6 7. d4 Bb6 8. Be3
O-O 9. a4 h6 10. Nbd2 Qf6 11. Nb3 a6 12. dxe5 dxe5 13. Bxb6 cxb6 14. g3 Bg4 15.
Kg2 Rad8 16. Qe2 Rd6 17. h3 Be6 18. Nbd2 Nce7 19. Bxe6 Qxe6 20. Nc4 Rc6 21. Ne3
Rd8 22. Rfd1 Rcd6 23. Rxd6 Rxd6 24. Rd1 Qd7 25. Rxd6 Qxd6 26. Qc4 Nf8 27. Qb3
Nd7 28. Qc4 Qc5 29. Qd3 Qc6 30. b4 Kh7 31. h4 a5 32. Nc4 f6 33. Ne3 axb4 34.
cxb4 Qxa4 35. Qd6 Ng6 36. Nf5 Qc6 37. Qd3 Ngf8 38. b5 Qc5 39. Qb3 Qc7 40. Qf7
Ne6 41. Qxe6 Nc5 42. Qd5 Qc8 43. h5 Qe8 44. g4 g6 45. hxg6+ Qxg6 46. Nh2 h5 47.
f3 hxg4 48. Nxg4 Kh8 49. Qd8+ Kh7 50. Qxf6 Qxf6 51. Nxf6+ Kg6 52. Ng4 Nd3 53.
Nd6 1-0

[Event "World Blitz Women 2025"]
[Site "Doha QAT"]
[Date "2025.12.29"]
[Round "10.16"]
[White "Kaliakhmet, Elnaz"]
[Black "Khademalsharieh, Sarasadat"]
[Result "1-0"]
[WhiteTitle "WIM"]
[BlackTitle "IM"]
[WhiteElo "2329"]
[BlackElo "2414"]
[WhiteFideId "13730169"]
[BlackFideId "12512214"]
[EventDate "2025.12.29"]

1. d4 Nf6 2. c4 e6 3. Nf3 b6 4. g3 Bb7 5. Bg2 Bb4+ 6. Bd2 a5 7. O-O O-O 8. Nc3
d6 9. Qc2 Nbd7 10. Rac1 h6 11. Rfd1 Re8 12. a3 Bxc3 13. Bxc3 Be4 14. Qa4 Qc8 15.
Nh4 Bxg2 16. Nxg2 e5 17. d5 Nc5 18. Qc2 a4 19. f3 Qa6 20. Bb4 Nb3 21. Rb1 Nd4
22. Qd3 Nb3 23. e4 Qb7 24. Bc3 Nd7 25. Ne3 g6 26. Kg2 Nbc5 27. Qc2 Qc8 28. Rf1
Qd8 29. Rbe1 Nf6 30. Nd1 Qe7 31. Nf2 Rab8 32. Nd3 Nfd7 33. Nb4 Ra8 34. Qd2 Qg5
35. Qc2 Qe7 36. Re2 Nb3 37. f4 f6 38. f5 g5 39. Ref2 Qg7 40. Qe2 Nf8 41. Rh1 Nc5
42. Qg4 Qf7 43. Qf3 h5 44. h3 Rab8 45. Qe2 Nh7 46. Nc6 Rb7 47. Bb4 Nb3 48. Bc3
Nc5 49. Qc2 Qg7 50. Qe2 Qh6 51. Qe3 Qg7 52. g4 h4 53. Qe2 Nf8 54. Qc2 Qd7 55.
Bb4 Nb3 56. Bc3 Ra8 57. Rd1 Qe8 58. Re2 Nd7 59. Bb4 Ndc5 60. Bc3 b5 61. cxb5
Rxb5 62. Ree1 Rb7 63. Qe2 Nd7 64. Qc4 Nb8 65. Nb4 Qb5 66. Qxb5 Rxb5 67. Re2 Na6
68. Nc6 Nb8 69. Nb4 Nd7 70. Nc6 Ndc5 71. Bb4 Kf7 72. Kf3 Ke8 73. Rc2 Kd7 74. Rc3
Ra6 75. Rc2 Ke8 76. Ke3 Kd7 77. Rc3 Nb7 78. Nb8+ 1-0

[Event "World Blitz Women 2025"]
[Site "Doha QAT"]
[Date "2025.12.29"]
[Round "10.17"]
[White "Khalilova, Madinabonu"]
[Black "Injac, Teodora"]
[Result "0-1"]
[WhiteTitle "WCM"]
[BlackTitle "IM"]
[WhiteElo "2241"]
[BlackElo "2421"]
[WhiteFideId "14223422"]
[BlackFideId "932400"]
[EventDate "2025.12.29"]

1. d4 Nf6 2. c4 e6 3. Nf3 Bb4+ 4. Bd2 a5 5. a3 Bxd2+ 6. Nbxd2 d6 7. g3 O-O 8.
Bg2 Nc6 9. O-O e5 10. d5 Ne7 11. Qc2 a4 12. e4 Nd7 13. b4 axb3 14. Nxb3 b6 15.
a4 h6 16. Nfd2 f5 17. exf5 Nxf5 18. Ne4 Nc5 19. Nbxc5 bxc5 20. Nc3 Nd4 21. Qd1
Bf5 22. Be4 Qd7 23. Bxf5 Qxf5 24. Ra2 Rab8 25. f4 e4 26. Nb5 Qf6 27. Raf2 e3 28.
Re2 Nxe2+ 29. Qxe2 0-1

[Event "World Blitz Women 2025"]
[Site "Doha QAT"]
[Date "2025.12.29"]
[Round "10.18"]
[White "Maltsevskaya, Aleksandra"]
[Black "Badelka, Olga"]
[Result "0-1"]
[WhiteTitle "IM"]
[BlackTitle "IM"]
[WhiteElo "2398"]
[BlackElo "2395"]
[WhiteFideId "24174041"]
[BlackFideId "13509926"]
[EventDate "2025.12.29"]

1. Nf3 d5 2. g3 Nf6 3. c4 e6 4. Bg2 Be7 5. O-O O-O 6. b3 d4 7. e3 c5 8. exd4
cxd4 9. Ne5 Nbd7 10. Nxd7 Nxd7 11. d3 a5 12. Nd2 e5 13. a3 Kh8 14. Rb1 f5 15. b4
axb4 16. axb4 e4 17. dxe4 Ne5 18. c5 f4 19. gxf4 Rxf4 20. Nb3 Rh4 21. Qxd4 Bh3
22. f3 Qc7 23. Bxh3 Rxh3 24. f4 Nf3+ 25. Rxf3 Rxf3 26. Kg2 Rd8 27. Qe5 Qd7 28.
Kxf3 Qh3+ 29. Ke2 Qd3+ 30. Kf2 Bh4+ 31. Kg2 Qxb1 32. Bb2 Bf6 33. Qf5 Qxb2+ 0-1